| 000 | 00770nam a2200241Ia 4500 | ||
|---|---|---|---|
| 003 | OSt | ||
| 005 | 20220926021219.0 | ||
| 006 | a|||||r|||| 00| 0 | ||
| 007 | ta | ||
| 008 | 220923b |||||||| |||| 00| 0 eng d | ||
| 037 | _cGeneral Book | ||
| 040 |
_aRTL _cRTL _beng |
||
| 041 |
_2eng _aeng |
||
| 082 | _aY:5, L9/UN | ||
| 110 |
_aUnited Nations , International Economic And Social Affairs (Deptt of-) _9326019 |
||
| 245 | 0 | _aDemographic transition and socio-economic development | |
| 260 |
_aNew York _bUN _c1979 |
||
| 300 |
_a153p _ccm. |
||
| 490 | _aUN , population studies .65) | ||
| 700 |
_aUnited Nations , International Economic And Social Affairs (Deptt of-) _9326020 |
||
| 942 |
_hY:5, L9/UN _cGB _2CC |
||
| 999 |
_c636195 _d636195 |
||